LEADER 01022nam a2200217 i 4500 001 000000182088 003 CaOOAMICUS 005 20091009000000.0 008 091009s1945 it u000 u lat u 013 $a160024 040 $aSeMil$bita 100 1 $aGarrigou-Lagrange, Réginald,$c.$0(OLS)http://semarc/name/5500 245 10$aVolumen 2. 300 $a459 p. ;$c25 cm. 490 0 $aTheologia fundamentalis secundum s. Thomae doctrinam. Pars apologetica ;$v2 773 0 $aGarrigou-Lagrange, Réginald $tDe revelatione per ecclesiam catholicam proposita.$b4. editio emendata operis integri.$dRomae : Libreria editrice religiosa F. Ferrari, 1945.$w()14395 830 0$aTheologia fundamentalis secundum s. Thomae doctrinam. Pars apologetica ;$v2.$0(OLS)http://semarc/title/21194 850 $aSeMil 852 $aSeMil$W1$xVenegono$y1$m2B IV 40/2$j132792$B132792$CSeMilBibl$Z2$F144624 $81 961 $aLascito: Oggioni don Costantino 996 $6245$aVolumen 2$9(OLS)http://semarc/title/96578 LEADER 00492nab a2200145 i 4500 001 000000310762 003 CaOOAMICUS 005 20180831173020.0 008 180831n xx uu u0 0und r 013 $a19853 040 $aSeMil$bita 100 1 $aMagani, Francesco .$0(OLS)http://semarc/name/3545 245 10$aDegli scritti di Mons. Isidoro Carini. 773 0 $t[Gennaio-Giugno].$g571-580$w()274037 996 $6245$aDegli scritti di Mons. Isidoro Carini$9(OLS)http://semarc/title/385462